000 00396cam a22001691 4500
020 _a8185738564
041 1 _aeng
082 _a297.4
_bFAR
100 1 _aGhazzālī,
245 1 4 _aThe book of knowledge,
260 _aNew Delhi,
_bIslamic Book Service
_c2002
300 _a230 p.
650 0 _aIslamic philosophy.
650 0 _aIslamic ethics.
700 1 _aFaris, Nabih Amin,
942 _cBK
999 _c21077
_d21077